| 000 | 00718nam a22002177a 4500 | ||
|---|---|---|---|
| 005 | 20100804125834.0 | ||
| 010 | _aENG-98236 | ||
| 020 |
_a8190778188 _c65.00 |
||
| 020 |
_a9788190778183 _c65.00 |
||
| 035 | _aEN-81769 | ||
| 037 | _bDBAD/PUB | ||
| 082 | _a362.34 | ||
| 245 |
_aDisaster managment / _cedited by A.Siva |
||
| 260 |
_aChennai _bSekar Publication _c2009 |
||
| 270 |
_a66,Periyar Street, MGR Nagar, _bChennai _e600078 |
||
| 300 |
_a134p. _c21cm (pbk) |
||
| 500 | _aIncludes index | ||
| 700 |
_aSiva, A. _95929 |
||
| 942 |
_2ddc _cEN _h363.34 _mDIS |
||
| 999 |
_c39202 _d39202 |
||